000 00290nam a2200133 4500
008 170715b xxu||||| |||| 00| 0 eng d
020 _a9780130922991
041 _aeng
080 _a572
100 _a24
101 _aANT
245 _aCULTURAL ANTHROPOLOGY
_cEMBER,C.R
942 _2udc
_cBK
999 _c21233
_d21233